Modern electronic navigation aids (Record no. 11858)
[ view plain ]
| 000 -LEADER | |
|---|---|
| fixed length control field | 00471nam a22001817a 4500 |
| 008 - FIXED-LENGTH DATA ELEMENTS--GENERAL INFORMATION | |
| fixed length control field | 210119b 2003 ||||| |||| 00| 0 eng d |
| 082 ## - DEWEY DECIMAL CLASSIFICATION NUMBER | |
| Classification number | 623.893 |
| Item number | BHA |
| 100 ## - MAIN ENTRY--PERSONAL NAME | |
| Personal name | Bhatia, A. G. |
| 245 ## - TITLE STATEMENT | |
| Title | Modern electronic navigation aids |
| 250 ## - EDITION STATEMENT | |
| Edition statement | 6th |
| 260 ## - PUBLICATION, DISTRIBUTION, ETC. (IMPRINT) | |
| Place of publication, distribution, etc | Mumbai |
| Name of publisher, distributor, etc | Lata publications |
| Date of publication, distribution, etc | 2003 |
| 300 ## - PHYSICAL DESCRIPTION | |
| Extent | 180p. |
| 650 ## - SUBJECT ADDED ENTRY--TOPICAL TERM | |
| Topical term or geographic name as entry element | Global positioning systems |
| 650 ## - SUBJECT ADDED ENTRY--TOPICAL TERM | |
| Topical term or geographic name as entry element | Echo sounder |
| 650 ## - SUBJECT ADDED ENTRY--TOPICAL TERM | |
| Topical term or geographic name as entry element | Doppler log |
| 700 ## - ADDED ENTRY--PERSONAL NAME | |
| Personal name | Sinha, S. K. |
| Relator term | Co-author |
| 942 ## - ADDED ENTRY ELEMENTS (KOHA) | |
| Item type | Books |
| Withdrawn status | Lost status | Source of classification or shelving scheme | Damaged status | Not for loan | Collection code | Permanent location | Current location | Shelving location | Date acquired | Full call number | Barcode | Date last seen | Koha item type | Public note | Total Checkouts | Total Renewals | Date last borrowed | Checked out |
|---|---|---|---|---|---|---|---|---|---|---|---|---|---|---|---|---|---|---|
| Non-fiction | IMU-MPC Library | IMU-MPC Library | General Stacks | 2021-01-19 | 623.893 BHA | LBS13091 | 2025-03-17 | Books | Column - 16 | |||||||||
| Non-fiction | IMU-MPC Library | IMU-MPC Library | General Stacks | 2021-01-19 | 623.893 BHA | MPCG0020 | 2025-12-17 | Books | Column - 16 | 3 | 2 | 2025-12-04 | ||||||
| Non-fiction | IMU-MPC Library | IMU-MPC Library | General Stacks | 2021-01-19 | 623.893 BHA | MPC5953 | 2026-03-13 | Books | Column - 16 | 7 | 2 | 2026-02-09 | ||||||
| Non-fiction | IMU-MPC Library | IMU-MPC Library | General Stacks | 2021-01-19 | 623.893 BHA | LBSD1789 | 2025-03-17 | Books | Column - 16 | |||||||||
| Non-fiction | IMU-MPC Library | IMU-MPC Library | General Stacks | 2021-01-19 | 623.893 BHA | MPCBB359 | 2021-02-12 | Books | Column - 16 | |||||||||
| Non-fiction | IMU-MPC Library | IMU-MPC Library | General Stacks | 2021-01-19 | 623.893 BHA | MPC5951 | 2026-06-22 | Books | Column - 16 | 11 | 5 | 2026-06-22 | 2026-07-13 | |||||
| Non-fiction | IMU-MPC Library | IMU-MPC Library | General Stacks | 2021-01-19 | 623.893 BHA | MPC4061 | 2026-03-20 | Books | Column - 16 | 1 | 2026-02-26 | |||||||
| Non-fiction | IMU-MPC Library | IMU-MPC Library | General Stacks | 2021-01-19 | 623.893 BHA | MPCBB357 | 2025-08-20 | Books | Column - 16 | 8 | 1 | 2025-07-18 | ||||||
| Non-fiction | IMU-MPC Library | IMU-MPC Library | General Stacks | 2022-03-16 | 623.893 BHA | MPC5952 | 2025-10-24 | Books | Column-16 | 8 | 5 | 2025-09-10 |


